An Introdution to Database Systems

Bibliographic Details
Main Author: Date, C. J
Format: Section = Libro
Language:Undetermined
Spanish
Published: United States Addison/Wesley 1977
Edition:2a. ed
Subjects:
LEADER 00627nam a2200229Ia 4500
008 240830s9999 xx 000 0 und d
020 |a 0-201-14456-5 
040 |a CEDOC FIQ-RUSB / 511 D232 
041 |a spa 
082 |a 511 D232 
100 1 |a Date, C. J 
245 1 3 |a An Introdution to Database Systems 
250 |a 2a. ed 
260 |a United States  |b Addison/Wesley  |c 1977 
300 |a 536 p.: il. 
650 7 |a ANÁLISIS NÚMERICO 
650 7 |b  ESTRUCTURAS DE ALMACENAMIENTO 
650 7 |c  MODELOS DE DATOS Y SUBLENGUAJES DE DATOS 
650 7 |d  EL ENFOQUE RELACIONAL 
942 |c BK  |2 ddc 
991 |a TEXTO 
999 |c 13130